Dynamik im Handel
Gespeichert in:
| Format: | Schriftenreihe |
|---|---|
| Sprache: | Deutsch |
| Veröffentlicht: |
Köln
Deutsches Handelsinstitut
|
| Schlagworte: | |
| Tags: |
Keine Tags, Fügen Sie das erste Tag hinzu!
|
MARC
| LEADER | 00000nas1a22000001 4500 | ||
|---|---|---|---|
| 001 | s120133 | ||
| 005 | 20230417121539.7 | ||
| 022 | |a 0722-6950 | ||
| 041 | 0 | |a ger | |
| 044 | |a DE | ||
| 245 | 1 | 0 | |a Dynamik im Handel |
| 264 | 1 | |a Köln |b Deutsches Handelsinstitut | |
| 610 | 2 | 0 | |a obchod |
| 610 | 2 | 0 | |a trh |
| 610 | 2 | 0 | |a informácie obchodno-ekonomické |